| 000 | 00873nam a2200229 a 4500 | ||
|---|---|---|---|
| 001 | 000028559 | ||
| 003 | DO-SdBNP | ||
| 005 | 20220921145839.0 | ||
| 007 | ta | ||
| 008 | 110411s1937 dr 000 0 spa d | ||
| 040 |
_aDO-SdBNP _bspa _cBNPHU |
||
| 082 |
_axxx _bS211i |
||
| 100 |
_aSánchez i Sánchez, Carlos _924270 |
||
| 245 | 1 | 3 |
_aLa "Independencia Boba" de Núñez de Cáceres, ante la historia i el derecho público / _cCarlos Sánchez i Sánchez ; prólogo M. de Jesús Troncoso de la Concha. |
| 260 |
_aCiudad Trujillo, República Dominicana : _bInstituto de Investigaciones Históricas, _bImprenta Montalvo, _c1937. |
||
| 300 |
_a87 p. ; _c19 cm. |
||
| 500 | _aAutografiado por el autor para Máximo Vásquez | ||
| 590 | _aInventariado, 2022/ YL | ||
| 700 | 1 |
_aTroncoso de la Concha, M. de Jesús, _epról. _955519 |
|
| 910 | _aYLockward | ||
| 942 |
_2ddc _cLBS1 |
||
| 999 |
_c28051 _d28051 |
||